02346cam a22006617i 45000010005000000030006000050050017000110080041000280100017000690200024000860200018001100200021001280200018001490200015001670200018001820200015002000350024002150400154002390420014003930500014004070820011004211000023004322450041004552500038004962600038005343000025005723360021005973370025006183380023006434900024006665050007006905200140006975210018008375210018008556500043008736500029009166500037009456500029009826500023010116500013010346500033010476500020010806500028011006500040011286500013011686500049011816500045012306500037012756500051013126500028013636510051013916510042014426510020014846510037015046510058015416550039015996550046016384179FISKH20240625150002.0141219s2015 nyu j 000 1 eng d a 2014959843 a9780545723404 (hc.) a9781338030693 a054572340X (hc.) a9780545723473 a0545723477 a9780545725965 a0545725968 a(OCoLC)ocn900624119 aYDXCPbengcYDXCPdBTCTAdBDXdOCLCQerdadSINLBdOCLCOdJBLdOJ4dOCLCOdEHHdILCdOCLCOdJUHdOCLCOdNTAUPdOCLCOdVP@dTOHdCGPdOCLCFdOCLCOdDLC alccopycat00aPZ7.N8185 a813.6 1 aNorthrop, Michael,10aValley of Kings /cMichael Northrop. aThis edition first printing 2016  aNew York : bScholastic, c2015.  a190 pages : c20 cm  atext2rdacontent aunmediated2rdamedia avolume2rdacarrier1 aTombQuest ;vbook 3 aR  aJourneying to the Valley of Kings, Alex and Ren prepare to combat powerful Death Walkers that are causing trouble throughout the world.8 a720 bLexile 8 aR bRaz-Plus  0aMythology, EgyptianvJuvenile fiction. 0aMagicvJuvenile fiction. 0aGood and evilvJuvenile fiction. 0aEgyptvJuvenile fiction. 0aAdventure stories. 0aFantasy. 1aEgyptian mythologyvFiction. 1aMagicvFiction. 1aGood and evilvFiction. 1aAdventure and adventurersvFiction. 1aFantasy. 7aAdventure stories.2fast0(OCoLC)fst00797462 7aGood and evil.2fast0(OCoLC)fst00944894 7aMagic.2fast0(OCoLC)fst01005468 7aMythology, Egyptian.2fast0(OCoLC)fst01031782 7aFantasy fiction.2gsafd 0aValley of the Kings (Egypt)vJuvenile fiction. 1aValley of the Kings (Egypt)vFiction. 1aEgyptvFiction. 7aEgypt.2fast0(OCoLC)fst01208755 7aEgyptzValley of the Kings.2fast0(OCoLC)fst01241843 7aFiction.2fast0(OCoLC)fst01423787 7aJuvenile works.2fast0(OCoLC)fst01411637